Biblioteka Instytutu Północnego w Olsztynie

Widok standardowy Widok MARC

Pozycja Corporate Name

Liczba rekordów, w których użyto hasła: 1

001 - Numer kontrolny

  • control field: 39115

003 - Identyfikator numeru kontrolnego

  • control field: NUKAT

005 - Data i czas ostatniej modyfikacji

  • control field: 20260327213231.0

008 - Dane kontrolne kodowane (40 znaków)

  • fixed length control field: 050119n||azznnbabn |a ana |

010 ## - Numer kontrolny Biblioteki Kongresu

  • numer kontrolny LC: p 2004431777

035 ## - Numer systemowy

  • numer systemowy: a12634906

040 ## - Instytucja sporządzająca rekord

  • inst. przygot. dane do rek. khw: WA N
  • język haseł przedmiotowych/tezaurus: DBN
  • inst. wprow. rek. khw: WA N

110 2# - Hasło - nazwa ciała zbiorowego

  • nazwa ciała zbior. lub geogr. na pocz.: Sejm (1922-1927)

550 ## - Trop zob. też - nazwa pospolita

  • nazwa posp. lub nazwa geogr. na pocz.: Wybory parlamentarne w Polsce (1922)

670 ## - Źródło informacji

  • źródło informacji: NEP
Biblioteka Instytutu Północnego, ul. Partyzantów 87, 10-402 Olsztyn, email: biblioteka(at)ip.olsztyn.pl